Kraje najbliższe Arubie - Jedna minura sprintu - Statystyki

Ogólne statystyki
  • Ten quiz został rozwiązany 26 razy
  • Średni wynik to 11 z 20
Statystyki odpowiedzi
km kraj % Poprawnych
969 Dominika
78%
27 Wenezuela
78%
574 Dominikana
70%
1114 Barbados
65%
883 Jamajka
65%
125 Kolumbia
65%
965 Saint Lucia
65%
913 Saint Vincent i Grenadyny
65%
905 Trynidad i Tobago
65%
879 Grenada
61%
943 Kuba
61%
998 Antigua i Barbuda
57%
907 Panama
57%
986 Bahamy
52%
629 Haiti
52%
931 Saint Kitts i Nevis
43%
1064 Brazylia
35%
1166 Gujana
35%
77 Curaçao
26%
954 Sint Maarten
0%
Nie znaleziono quizów pasujących do podanych kryteriów
Rozkład punktacji
Procent ludzi z każdym wynikiem
Percentyl według liczby udzielonych odpowiedzi
Twoja historia wyników
Nie rozwiązałeś tego quizu